01202nam a22003015a 450000100060000000300080000600500170001400800390003102000150007003500190008504000270010404100080013108200220013924500710016125000120023226000500024430000240029450400410031852000260035965100440038565100460042965100500047570000290052594200120055499900170056695201550058395201620073833072BD-RjUL20211209051936.0140430s1995 ii b 000 0 eng a8171693601 a(BD-RjUL)33163 aDLCcDLCbengdBD-RjUL aeng a320.941bIND 199500aIndian society :bSigns of Disorder /cedited by Indrani Mukherjee a1st ed. aNew Delhi :bcommonwealth Publishers,c1995. avi,336 p. ;c23 cm. aIncludes bibliographical references. aContributed articles. 0aIndiaxSocial conditionsy1947-9100501 0aIndiaxEconomic conditionsy1947-9100502 0aIndiaxPolitics and governmenty1947-91005031 aDubey, Muchkund.9100504 2ddccBK c33072d33072 00102ddc40708NFICaRUCLbRUCLcStackd2005-10-20eParagon Enterprise,Dhaka.g700.00l0o320.941 IND 1995r2014-04-30 00:00:00tC-2w2014-04-30yBK 00102ddc40718NFICaRUCLbRUCLcReadingd2005-10-20eDhaka, Paragon Enterprise ltd.g700.00l0o320.941 IND 1995r2016-12-07 00:00:00tC-1w2016-12-07yBK